The Vikings A History
Salvato in:
| Autore principale: | |
|---|---|
| Natura: | Libro |
| Lingua: | inglese |
| Pubblicazione: |
New York
Penguin Books
2009
|
| Edizione: | 1st Edition |
| Soggetti: | |
| Tags: |
Nessun Tag, puoi essere il primo ad aggiungerne!!
|
MARC
| LEADER | 00000nam a2200000 4500 | ||
|---|---|---|---|
| 001 | 0272240 | ||
| 005 | 20240229085342.9 | ||
| 020 | |a 978-0-14-311801-5 | ||
| 020 | |a 978-0-670-02079-9 | ||
| 041 | 0 | |a eng | |
| 044 | |a US | ||
| 245 | 1 | 0 | |a The Vikings |b A History |c Robert Ferguson |
| 250 | |a 1st Edition | ||
| 264 | 1 | |a New York |b Penguin Books |c 2009 | |
| 300 | |a 450 s. | ||
| 610 | 2 | 0 | |a dejiny |
| 610 | 2 | 0 | |a vývoj spoločenský |
| 610 | 2 | 0 | |a obyvateľstvo |
| 610 | 2 | 0 | |a štýl životný |
| 610 | 2 | 0 | |a geografia |
| 610 | 2 | 0 | |a Škandinávia |
| 610 | 2 | 0 | |a Vikingovia |
| 100 | 1 | |a Ferguson, Robert | |